Les clips les plus vus de chaque artiste français - Statistiques

Statistiques générales
  • Ce quiz a été pris 44 fois
  • Le résultat moyen est 9 sur 25
Statistiques - réponses
Artiste Musiques % Correct
Aya Nakamura Djadja
87%
Bella
68%
Pookie
61%
Dadju Reine
58%
Copines
55%
J'me tire
55%
Désolé
50%
Cosmo
45%
Clown
42%
Gims Sapés comme jamais
42%
Jaloux
37%
En feu
34%
Est-ce que tu m'aimes ?
34%
Soprano Le Coach
34%
Sexion d'Assaut Avant qu'elle parte
32%
Bob Marley
32%
Comportement
32%
Ma direction
32%
Wati House
21%
Balader
16%
La dot
16%
Django
11%
Lionne
11%
Mi Gna
8%
Mon précieux
8%
Aucun quiz correspondant
Distribution des résultats
% des personnes avec chaque résultat
Percentile par nombre de réponses
Votre historique - résultats
Vous n’avez pas pris ce quiz